| 000 | 00469nam a2200205Ia 4500 | ||
|---|---|---|---|
| 005 | 20251020182514.0 | ||
| 008 | 200515s9999 xx 000 0 und d | ||
| 020 | _a958-600-193-8 | ||
| 082 | _a658.32.2/H41 | ||
| 100 | _aHerman, Roger E. | ||
| 245 | 0 | _aConserve a su personal competente | |
| 260 | _aMéxico, D.F. | ||
| 260 | _bMcGraw-Hill | ||
| 260 | _c1993 | ||
| 300 | _a225 | ||
| 500 | _a1 ejemplar | ||
| 650 | _aPERSONAL | ||
| 942 | _cLIB | ||
| 999 |
_c1539 _d1539 |
||